Proyecto de mejoramiento del puerto de Valparaíso: pliego de condiciones aprobado por Decreto Supremo No. 2744 de 29 de Septiembre de 1911
Tallennettuna:
| Aineistotyyppi: | Kirja |
|---|---|
| Kieli: | espanja |
| Julkaistu: |
Santiago
Imprenta Universitaria
1911
|
| Aiheet: | |
| Tagit: |
Lisää tagi
Ei tageja, Lisää ensimmäinen tagi!
|
MARC
| LEADER | 00000nam a2200000 a 4500 | ||
|---|---|---|---|
| 001 | UCV9604 | ||
| 003 | CL-VaPUC | ||
| 008 | 921209e19110000CL |||||||||||||||||spa|d | ||
| 082 | 0 | 4 | |a 627.209 |b PRO |2 21 |
| 245 | 1 | 0 | |a Proyecto de mejoramiento del puerto de Valparaíso: pliego de condiciones aprobado por Decreto Supremo No. 2744 de 29 de Septiembre de 1911 |
| 300 | |a 88 p | ||
| 942 | |c BK | ||
| 945 | |d 19921209 00:00:00 | ||
| 260 | |a Santiago |b Imprenta Universitaria |c 1911 | ||
| 650 | 0 | |a Puertos |9 260105 | |
| 650 | 7 | |a MANTENIMIENTO Y REPARACION |2 CL-VaPUC |9 260850 | |
| 651 | 7 | |a CHILE |2 CL-VaPUC |9 303626 | |
| 651 | 0 | |a Valparaíso, Chile |9 261144 | |
| 583 | |a last modification |c 19921209 00:00:00 |k Rodrigo Vera | ||
| 999 | |c 214914 |d 214912 | ||
| 952 | |0 0 |1 0 |4 0 |6 627_209000000000000_PRO_1911 |7 0 |8 F |9 198742 |a BIBARQ |b BIBARQ |d 2019-11-14 |i 2661403 |o 627.209 PRO 1911 |p 2661403 |r 2025-01-20 |w 2019-11-14 |y BK_F |k ARQ | ||